|
|
|
|
| LEADER |
02051nam a2200553 i 4500 |
| 001 |
nkc20243645410 |
| 003 |
CZ PrNK |
| 005 |
20250327084012.0 |
| 007 |
ta |
| 008 |
250115s2024 xr abc d p 001 0 cze |
| 015 |
|
|
|a cnb003645410
|
| 020 |
|
|
|a 978-80-7489-902-7
|q (brožováno)
|
| 035 |
|
|
|a (OCoLC)1498299481
|
| 040 |
|
|
|a ABA001
|b cze
|e rda
|
| 072 |
|
7 |
|a 611
|x Anatomie člověka a srovnávací anatomie
|2 Konspekt
|9 14
|
| 072 |
|
7 |
|a 37.016
|x Učební osnovy. Vyučovací předměty. Učebnice
|2 Konspekt
|9 22
|
| 080 |
|
|
|a 57.081.1
|2 MRF
|
| 080 |
|
|
|a 59
|2 MRF
|
| 080 |
|
|
|a 611/612
|2 MRF
|
| 080 |
|
|
|a (075.2)
|2 MRF
|
| 080 |
|
|
|a (075.3)
|2 MRF
|
| 100 |
1 |
|
|a Pelikánová, Ivana
|7 xx0192205
|4 aut
|
| 245 |
1 |
0 |
|a Přírodopis 8 :
|b hybridní učebnice pro základní školy a víceletá gymnázia /
|c Ivana Pelikánová a kol.
|
| 246 |
3 |
|
|a Přírodopis pro základní školy a víceletá gymnázia
|
| 246 |
3 |
|
|a Přírodopis 8 pro základní školy a víceletá gymnázia
|
| 250 |
|
|
|a 3. vydání
|
| 264 |
|
1 |
|a Plzeň :
|b Fraus,
|c 2024
|
| 300 |
|
|
|a 128 stran :
|b ilustrace (převážně barevné), mapy, portréty ;
|c 30 cm
|
| 336 |
|
|
|a text
|b txt
|2 rdacontent
|
| 337 |
|
|
|a bez média
|b n
|2 rdamedia
|
| 338 |
|
|
|a svazek
|b nc
|2 rdacarrier
|
| 490 |
1 |
|
|a Škola s nadhledem
|
| 500 |
|
|
|a Podnázev v tiráži: nová generace
|
| 500 |
|
|
|a Obsahuje rejstřík
|
| 650 |
0 |
7 |
|a přírodopis
|7 ph124939
|2 czenas
|
| 650 |
0 |
7 |
|a zoologie
|7 ph116787
|2 czenas
|
| 650 |
0 |
7 |
|a biologie člověka
|7 ph118911
|2 czenas
|
| 650 |
0 |
9 |
|a natural history
|2 eczenas
|
| 650 |
0 |
9 |
|a zoology
|2 eczenas
|
| 650 |
0 |
9 |
|a human biology
|2 eczenas
|
| 655 |
|
7 |
|a učebnice základních škol
|7 fd133773
|2 czenas
|
| 655 |
|
7 |
|a učebnice středních škol
|7 fd133771
|2 czenas
|
| 655 |
|
9 |
|a textbooks (elementary)
|2 eczenas
|
| 655 |
|
9 |
|a textbooks (secondary)
|2 eczenas
|
| 830 |
|
0 |
|a Škola s nadhledem
|0 s
|
| 910 |
2 |
|
|a BOA001
|b 4-1539.944
|
| 990 |
|
|
|a BK
|
| 995 |
|
|
|a 01
|
| 996 |
6 |
|
|b 2610998986
|c 4-1539.944
|l MZK
|r Sklad / do 1 hodiny
|n 2
|p p.v.
|w 001999876
|u 000010
|a 1
|e BOA001
|j MZK50
|s P
|